000
00495nam a2200157Ia 4500
008
090711s9999 xx 000 0 und d
082
_b
38148
100
_a
सुरेश मथुरे
245
_a
Sाक्रवेलीSाी फुल
260
_c
1978
600
_a
सुरेश मथुरे
630
_a
Sाक्रवेलीSाी फुल
700
_a
सुरेश मथुरे
730
_a
Sाक्रवेलीSाी फुल
942
_c
BOOK
999
_c
322991
_d
322991